书目信息 |
| 题名: |
大学生和图书馆
|
|
| 作者: | 刘天英 , 王晶 主编 | |
| 分册: | ||
| 出版信息: | 哈尔滨 哈尔滨工程大学出版社 2001 |
|
| 页数: | 315页 | |
| 开本: | 19cm | |
| 丛书名: | ||
| 单 册: | ||
| 中图分类: | G258.6 , G252 | |
| 科图分类: | ||
| 主题词: | 院校图书馆--图书馆工作--基本知识 | |
| 电子资源: | ||
| ISBN: | 7-81073-198-X | |
| 000 | 00813nam0 2200241 450 | |
| 001 | 1537880429 | |
| 005 | 20150126103141.43 | |
| 010 | @a7-81073-198-X@dCNY10.00 | |
| 100 | @a20011107d2001 em y0chiy0110 ea | |
| 101 | 0 | @achi |
| 102 | @aCN@b230000 | |
| 105 | @ay z 000yy | |
| 200 | 1 | @a大学生和图书馆@9da xue sheng he tu shu guan@f刘天英,王晶主编 |
| 210 | @a哈尔滨@c哈尔滨工程大学出版社@d2001 | |
| 215 | @a315页@d19cm | |
| 330 | @a本书主要介绍大学图书馆的概况、服务内容和服务方式、图书馆文献资源及检索方法、图书馆自动化和网络化、图书馆有关规章制度及利用图书馆的基本知识等。 | |
| 606 | 0 | @a院校图书馆@x图书馆工作@x基本知识 |
| 690 | @aG258.6@v5 | |
| 690 | @aG252@v4 | |
| 701 | 0 | @a刘天英@9liu tian ying@4主编 |
| 701 | 0 | @a王晶@9wang jing@4主编 |
| 801 | 0 | @aCN@bTSSF@c20150126 |
| 905 | @aZUCC@dG252@eJY7 | |
| 大学生和图书馆/刘天英,王晶主编.-哈尔滨:哈尔滨工程大学出版社,2001 |
| 315页;19cm |
| ISBN 7-81073-198-X:CNY10.00 |
| 本书主要介绍大学图书馆的概况、服务内容和服务方式、图书馆文献资源及检索方法、图书馆自动化和网络化、图书馆有关规章制度及利用图书馆的基本知识等。 |
| ● |
| 相关链接 |
|
|
|
|
正题名:大学生和图书馆
索取号:G252/JY7
 
预约/预借
| 序号 | 登录号 | 条形码 | 馆藏地/架位号 | 状态 | 备注 |
| 1 | 7859740 | 278597403 | 学院路分馆/ [索取号:G252/JY7] | 在馆 |